000 00721nam a22002177a 4500
003 OSt
005 20260306075325.0
008 260306b |||||||| |||| 00| 0 eng d
020 _a978-621-406-392-5
040 _aDWCL Main lib
_cOC
082 _aFil. 658.872 P277m 2025
100 _aPasahol, Jhon Ven Saint L.
245 _aModern marketing management:
_btechniques for the digital age
_cJhon Ven Saint L. Pasahol
260 _aManila, Philippines:
_bMindshapers,
_cc2025.
300 _ax, 388 pages;
_c25 cm.
504 _aIncludes bibliographical references.
650 _a1. Internet marketing.
650 _a2. Marketing--Management.
700 _aHoneylette D. Villanueva
942 _2ddc
_cBK - FIL
_kFil.
_n0
999 _c8721
_d8721